000 00395nam a2200145Ia 4500
008 230711s9999||||xx |||||||||||||| ||und||
041 _aENG
082 _a624
_bDE-M
100 _aDerucher,Konneth N
245 0 _aMaterials for civil and highway engineers
250 _a1st . Ed.
260 _c1988
_aNew York
_bPrentice-Hall of India Private Limited
650 _aCivil Engineering
942 _cBK
999 _c1041
_d1041